Science Quiz

Random Science or Chemistry Quiz

Symbol Cryptogram: Elements II Quiz Stats

 Plays Quiz Updated Apr 30, 2020

     
Support Sporcle.
Go Orange.
Score 0/10 Timer 10:00
0 Plays Today
Cryptogram Elements % Correct
◎ ▶ ☷ ◥ ▷ ◼???
100%
◥ ◑ ◥ ✶ ◥ ▷ ◼???
80.2%
◒ ◥ ★ ◁ ▶ ☷???
69%
◤ ▶ ◑ ☆ ☷ ☷ ◥ ▷ ◼???
68.2%
◤ ◑ ◯ ◼ ◥ ◒ ▶???
67.7%
◤ ▶ ◑ ◁ ▶ ☷ ◥ ▷ ◼???
63.7%
◥ ◒ ✶ ◥ ▷ ◼???
62.6%
★ ▶ ◑ ◥ ▷ ◼???
61.3%
◐ ◥ ☷ ◣ ▶ ◑???
58%
☰ ☷ ▷ ◯ ◑ ◥ ◒ ▶???
57.6%

From the Vault

Solar System Bodies by Size

by legumes

Science 10m
If we said you had a nice body, would you...oh nevermind.
Remove Ads.
Support Sporcle.
Get the best of Sporcle when you Go Orange. This ad-free experience offers more features, more stats, and more fun while also helping to support Sporcle. Thank you for becoming a member.

Show Comments

Extras

Top Quizzes Today


Score Distribution

Your Account Isn't Verified!

In order to create a playlist on Sporcle, you need to verify the email address you used during registration. Go to your Sporcle Settings to finish the process.

Report this User

Report this user for behavior that violates our Community Guidelines.

Details: